000 02822cam a2200469 i 4500
001 991061737508206706
003 ES-BaIT
005 20260423133042.0
008 260319e202511 spc|||| |||| 0|0 0 spa|
015 _aLL2026
_2bnc
017 _aDL B 14709-2025
_bBiblioteca de Catalunya
020 _a9788412966145
040 _aES-BaBC
_bcat
_erda
_cES-BaBC
041 1 _aspa
_hcat
080 _a791/793
_x-051
_x-055.2:308
_22004
080 _a159.923.2
_x-055.1/.3:793.3
_22004
080 _a791/793:159.922.1
_22004
080 _a793.2
100 1 _aD'Ascenzi, Antonella
_eautor
_9169291
240 1 _aDones que habiten cossos.
_lCastellà
_9169292
245 1 0 _aMujeres que habitan cuerpos :
_bun discurso de género desde la danza /
_cAntonella D'Ascenzi
250 _aPrimera edición
264 1 _aEl Masnou, Maresme, Barcelona :
_bNeret Edicions,
_cnoviembre 2025
300 _a461 pàgines :
_bil·lustracions (algunes en color) ;
_c24 cm
336 _atext
_btxt
_2rdacontent
337 _asense mediació
_bn
_2rdamedia
338 _avolum
_bnc
_2rdacarrier
490 1 _aArt social ;
_v6
500 _aTítol original: Dones que habiten cossos : un discurs de gènere des de la dansa
504 _aBibliografia: pàgines 453-461
520 _a"«Mujeres que habitan cuerpos» es una reflexión y una investigación sobre la preponderancia de los códigos patriarcales en los cuerpos de las mujeres, desarrollada a partir de la danza y el movimiento en los ámbitos cotidiano y escénico.Partiendo de su propia experiencia como mujer y creadora, y basándose en la investigación sobre el género a través de la danza que lleva a cabo con mujeres que han vivido cualquier grado de violencia, Antonella D’Ascenzi hace un recorrido entre la teoría feminista, los Cultural Studies y las metodologías cualitativas, observando de cerca y denominado los códigos que permanecen de forma desapercibida bajo la piel de cada cuerpo.La escucha, las preguntas, la sororidad, el goce y la expresión de la emoción con el movimiento serán las claves que Antonella pondrá en marcha —entre otras— para despertar los cuerpos fatigados, estresados, menguados, acompañándolos a un espacio nuevo, más amplio y diáfano, donde reconocerse: un espacio que cada mujer pueda, finalmente, habitar" -- Contracoberta
586 _aPremi Escriu per l'Art Social 2023-2025
650 0 _aArt i acció social
_2lemac
_9167994
650 7 _aDansa
_xAspectes socials
_956573
650 0 _aDones en les arts de l'espectacle
_xCondicions socials
_2lemac
_9169293
650 7 _aIdentitat de gènere en la dansa
_2
_957031
650 0 _aArts de l'espectacle
_xDiferències entre sexes
_9157332
830 _aArt social (Neret Edicions).
_lCastellà
_v6
_9157071
908 _aBC
_aCDMAE
940 _aBC
942 _2udc
_c1
999 _c137395
_d137395